| 000 | 00596nam a22002177a 4500 | ||
|---|---|---|---|
| 005 | 20170124105919.0 | ||
| 010 | _aA-235802 | ||
| 020 |
_c00 _a9231022040 |
||
| 035 | _aA-235802 | ||
| 037 | _bCen Lib/Ret | ||
| 040 |
_aDPL _bEN |
||
| 082 |
_a370.78 _bMOR |
||
| 100 |
_aMorsy, Zaghloul _9108327 |
||
| 245 |
_aMedia education / _cby Zaghloul Morsy |
||
| 260 |
_aParis _bUNESCO _c1984 |
||
| 270 |
_a7, place de fontenoy _bParis _e75700 |
||
| 300 |
_a407p. _c20cm (Hb) |
||
| 650 |
_aHigher Educations _9108328 |
||
| 650 |
_aMedia _9108329 |
||
| 942 |
_2ddc _cEN _h370.78 _mMOR |
||
| 999 |
_c123038 _d123038 |
||